Guide to NEC3 (Record no. 112582)
[ view plain ]
| 000 -LEADER | |
|---|---|
| fixed length control field | 00684cam a22002055a 4500 |
| 001 - CONTROL NUMBER | |
| control field | L153540 |
| 008 - FIXED-LENGTH DATA ELEMENTS--GENERAL INFORMATION | |
| fixed length control field | 110804s2011 xxk f 000 0 eng d |
| 020 ## - INTERNATIONAL STANDARD BOOK NUMBER | |
| International Standard Book Number | 9781859463512 |
| 035 ## - SYSTEM CONTROL NUMBER | |
| System control number | (Sirsi) u153540 |
| 041 0# - LANGUAGE CODE | |
| Language code of text/sound track or separate title | eng |
| 050 04 - LIBRARY OF CONGRESS CALL NUMBER | |
| Classification number | 624.08 $2 18 |
| 100 1# - MAIN ENTRY--PERSONAL NAME | |
| Personal name | Forward, F |
| 245 00 - TITLE STATEMENT | |
| Title | Guide to NEC3 |
| 260 ## - PUBLICATION, DISTRIBUTION, ETC. | |
| Place of publication, distribution, etc. | London |
| Name of publisher, distributor, etc. | RIBA |
| Date of publication, distribution, etc. | 2011 |
| 520 ## - SUMMARY, ETC. | |
| Summary, etc. | Explains the NEC3 on a practical level, with specific reference to architectural projects. It considers the use of the NEC3 internationally, and includes a checklist of required contractual communications. |
| 590 ## - LOCAL NOTE (RLIN) | |
| Local note | KA |
| 651 #4 - SUBJECT ADDED ENTRY--GEOGRAPHIC NAME | |
| Geographic name | ENGLAND AND WALES |
| 690 ## - LOCAL SUBJECT ADDED ENTRY--TOPICAL TERM (OCLC, RLIN) | |
| Topical term or geographic name as entry element | BUILT ENVIRONMENT-BUILDING CONTRACT FORMS |
| 942 ## - ADDED ENTRY ELEMENTS (KOHA) | |
| Suppress in OPAC | 0 |
| Withdrawn status | Lost status | Source of classification or shelving scheme | Damaged status | Not for loan | Home library | Current library | Shelving location | Date acquired | Total Checkouts | Full call number | Barcode | Date last seen | Date last checked out | Copy number | Price effective from | Koha item type |
|---|---|---|---|---|---|---|---|---|---|---|---|---|---|---|---|---|
| Dewey Decimal Classification | London | London | Books | 10/08/2011 | 1 | 624.08 FOR | 30075774 | 06/08/2019 | 15/12/2015 | 1 | 06/08/2019 | Book |